header

Just enough Web programming with XHTML, PHP, and MYSQL (Record no. 35800)

MARC details
000 -LEADER
fixed length control field 01395nam a2200361Ia 4500
082 04 - DEWEY DECIMAL CLASSIFICATION NUMBER
Classification number 006.7/4
100 1# - MAIN ENTRY--AUTHOR NAME
Personal name Lecky-Thompson, Guy W.
245 10 - TITLE STATEMENT
Title Just enough Web programming with XHTML, PHP, and MYSQL
260 ## - PUBLICATION, DISTRIBUTION, ETC. (IMPRINT)
Place of publication Australia ;
-- Boston :
Name of publisher Cengage Learning, Course Technology PTR,
Year of publication 2008.
300 ## - PHYSICAL DESCRIPTION
Number of Pages xiii, 432 p. :
Other physical details ill.
490 1# - SERIES STATEMENT
Series statement Just enough series
650 #0 - SUBJECT ADDED ENTRY--TOPICAL TERM
Topical Term Web site development.
Topical Term XHTML (Document markup language)
Topical Term PHP (Computer program language)
856 40 - ELECTRONIC LOCATION AND ACCESS
Uniform Resource Identifier http://site.ebrary.com/lib/rucke/Doc?id=10251032

No items available.

© 2026 Rongo University
Contact us: librarian | system librarian | Rongo university